000 01022nam a22001697a 4500
003 OSt
005 20251124160110.0
008 251108b |||||||| |||| 00| 0 eng d
040 _cDCL
082 _a၂၉၄.၃၈၂၃၃၃
130 _aတိပိဋက။
_pသုတ္တန္တပိဋက။
_pသံယုတ္တနိကာယ။
_tသဠာယတနဝဂ္ဂသံယုတ်၊
_lပါဠိတော်၊
_sနိဿယ။
245 _aသံယုတ္တပါဠိတော်နိဿယ၊
_nပဉ္စမတွဲ ၊
_bမဟာဝဂ္ဂသံယုတ် ပါဠိတော်နိဿယ။
264 _aရန်ကုန် ၊
_bနိုင်ငံတော်ဗုဒ္ဓသာသနာအဖွဲ့၊
_c၁၉၇၂။
300 _aညီ၊ ၅၂၄ စာမျက်နှာ ၊
_c၂၅ စင်တီ။
650 _aမဟာဝဂ္ဂသံယုတ္တ
_vပါဠိတော် နိဿယ။
942 _2ddc
_cSHORT TERM
_n0
999 _c2442
_d2442